000 00570nam a2200193Ia 4500
005 20250508150413.0
008 008 250505s9999 xx 000 0 eng d
037 _aTextual
040 _aFEDL
_beng
_cFEDL
041 _aeng
_2eng
084 _a025.4, KEL
_qFEDL
100 _aKelley Grace O
_948570
245 0 _aClassification of books: An inquiry its usefulness to the reader
260 _aNew York, USA
_bThe H. W. Wilson Company
_c1938
300 _a200p.
650 _aLibrary Science
942 _cTEXL
_h025.4, KEL
999 _c1323457
_d1323457